000 00925nas a2200301 4500
001 BR2014007919
003 BR-BrBNA
005 20231205124818.0
007 ta
008 230509b bl.|||p| |||| 00| 00por d
040 _aBR-BrBNA
_bpor
_cBiblioteca Nacional de Agricultura
041 _a(En)
072 _aF62
100 1 _aCordeiro, S.Z.
100 1 _aSimas, N.K.
100 1 _aHenriques, A.B.
100 1 _aSato, A.
245 1 _aMicropropagation and callogenesis in Mandevilla guanabarica (Apocynaceae), an endemic plant from Brazil
650 _aMICROPROPAGAÇÃO
650 _aMORFOGÊNESE
650 _aREGENERAÇÃO
650 _aAPOCYNACEAE
650 _aINDUÇÃO
650 _aCULTURA DE TECIDO
773 0 _tCrop Breeding and Applied Biotechnology (Brazil)
_xISSN 1518-7853
_g(Jun 2014), v. 14(2) p. 108-115
_wBR2014007919
909 _a202311
_bLúcia
_c55
_dLúcia Elande
942 _2AGRIS
_n0
_cANA
999 _c241030
_d241030